000
00273nam a2200133Ia 4500
100
_a
Gandhi/M.K.
650
_a
General
942
_c
BK
245
_a
An autobiography
260
_b
Navjivan Publ.
_a
Mumbai
_c
2010
082
_a
920/GAN
300
_a
464
546
_a
ENGLISH
999
_c
23884
_d
23884